Figures historiques de la Bretagne - Statistiques

Statistiques générales
  • Ce quiz a été pris 37 fois
  • Le résultat moyen est 6 sur 15
Statistiques - réponses
Indices Réponses % Correct
Duchesse bretonne remarquable, toute sa vie elle s'est battue auprès du roi de France pour que la Bretagne conserve son autonomie Anne de Bretagne
97%
Navigateur et explorateur malouin, il donne au Canada son nom Jacques Cartier
87%
Ecrivain romantique, sa tombe est située sur l'île du grand Bé François-René de Châteaubriand
81%
Personnalité très appréciée des Français, elle remporte la Star Academy en 2002 Nolwenn Leroy
68%
C'est la sainte patronne de la Bretagne et la mère de Marie Sainte Anne
52%
Groupe de rock originaire de Nantes qui participe à la popularisation des musiques traditionnelles bretonnes Tri Yann an Naoned
42%
Né vers 800 et qualifié le "Père de la Patrie", c'est avec lui que naît la Bretagne unifiée Nominoë
39%
Marin nantais, il a contribué au développement technique des voiliers et se démarqua sur la Transat anglaise en 1964 et 1976 Eric Tabarly
35%
Homme politique français, ancien sénateur et président du Conseil Régional de Bretagne, il est l'ainé de l'une des familles de Bretagne les plus emblématiques Josselin de Rohan
26%
Il devient duc de Bretagne en 1365 et se lance dans la construction de nombreux projets architecturaux comme la tour ducale de Dinan Jean IV de Bretagne
23%
Sa devise est : "La vertu donne ce que l'apparence dénie." Bertrand du Guesclin
19%
Chouan originaire du Morbihan et condamné à mort après avoir comploté contre Napoléon Georges Cadoudal
19%
Il fonde son entreprise en 1907 à Pouldreuzic et approvisionne notamment aujourd'hui les astronautes de l'ISS Jean Hénaff
19%
Acteur français mémorable des années 70, originaire de Dinan Jean Rochefort
10%
Cet architecte est à l'origine de la statue de St-Michel terrassant le dragon, sur le Mont-St-Michel Emmanuel Frémiet
3%
Aucun quiz correspondant
Distribution des résultats
% des personnes avec chaque résultat
Percentile par nombre de réponses
Votre historique - résultats
Vous n’avez pas pris ce quiz